Logo BPK

Biblioteka

Politechniki Koszalińskiej

Romulus der Große : (Rekord nr 49500)

Szczegóły MARC
000 -ETYKIETA REKORDU
podpole kontrolne o stałej długości 00405nam a2200145 i 4500
001 - NUMER KONTROLNY REKORDU
pole kontrolne bgj
040 ## - ŹRÓDŁO KATALOGOWANIA
Instytucja, która utworzyła rekord BPK
041 ## - KOD JĘZYKA
Kod języka tekstu ger
080 ## - UNIWERSALNA KLASYFIKACJA DZIESIĘTNA - UKD
UKD 821.112.2-2
008 - POLE O STAŁEJ DŁUGOŚCI - DANE KONTROLNE
podpole kontrolne o stałej długości s gw f |000 0 ger
100 1# - NAZWA OSOBOWA
Nazwa osobowa DÜRRENMATT, Friedrich.
245 10 - TYTUŁ/ODPOWIEDZIALNOŚĆ
Tytuł Romulus der Große :
Ciąg dalszy tytułu eine ungeschichtliche historische komödie in vier Akten /
Pozostałe elementy strefy tytułu i oznaczenia odpowiedzialności Friedrich Dürrenmatt.
650 9# - HASŁO PRZEDMIOTOWE W FORMIE NAZWY OGÓLNEJ LUB JEDNOSTKOWEJ
Nazwa ogólna lub geograficzna Dramat niemiecki
856 ## - LOKALIZACJA I DOSTĘP DO ELEKTRONICZNYCH DOKUMENTÓW ZDALNYCH
Link (URL) http://koha.tu.koszalin.pl/cgi-bin/koha/opac-detail.pl?biblionumber=49500
Tekst linku Katalog online BPK
942 ## - DODATKOWE ELEMENTY (KOHA)
Typ dokumentu Książka
Egzemplarze
Wycofany Status egzemplarza Uszkodzony Dostępność Lokalizacja stała Lokalizacja bieżąca Miejsce przechowywania Sygnatura Kod kreskowy Typ dokumentu Uwaga przeznaczona na użytek publiczny
      Tylko na miejscu Biblioteka Politechniki Koszalińskiej Biblioteka Politechniki Koszalińskiej Czytelnia Wydziałowa ul. Kwiatkowskiego 6e N 1265 02439433 Książka Kserokopia
© 2023 Biblioteka Politechniki Koszalińskiej :: KOHA